000 00899nam a2200277 i 4500
001 000012799
003 DO-SdBNP
005 20260304094324.0
007 ta
008 091117s1981 dr a 000 f spa d
040 _aDO-SdBNP
_bspa
_cBNPHU
_erda
041 _aspa
082 4 _aRD863.44
_bP379b
_222
100 1 _aPeix, Pedro
_d1952-2015
_eautor
_4aut.
_925675
245 1 3 _aEl brigadier :
_b(o La fábula del lobo y el sargento) /
_cPedro Peix.
264 1 _aSanto Domingo, República Dominicana :
_bEditora Alfa y Omega,
_c1981.
300 _a125 páginas :
_bilustraciones ;
_c21 cm.
336 _atexto
_btxt
_2rdacontent
337 _asin mediación
_bn
_2rdamedia
338 _avolumen
_bnc
_2rdacarrier
590 _aInventariado, 2020/MAA
650 0 _aNovela dominicana
_9223
650 0 _aLiteratura dominicana.
_967
910 _aValidado. Control de calidad MFF
942 _2ddc
_cLBS1
999 _c12450
_d12450